00523 2200193 4500001002100000008004100021035002000062245003000082100001700112260003800129300002600167020002200193084001600215082001000231650002900241863003500270990001200305990001200317INLIS000000000015304 ind  a0010-1222000383 aCaraku MakancDania Fatma aDANIA, Fatma aDepok :bSenja Media Utama,c2021 a24 hal.: ilus.c20 cm a978-602-6563-96-5 a741.5 DAN c a741.5 aGAMBAR. CERITA BERGAMBAR aSeri Aku Ingat Sunnah Nabiku 2 a10286 a a10286 b